000 nam a22 7a 4500
999 _c52947
_d52947
003 OSt
005 20220711110755.0
008 220711b xxu||||| |||| 00| 0 eng d
040 _cIIMT UNIVERSITY MEERUT
100 _aSHAH, K.K.
245 _aINTRODUCTION TO ELECTROMAGNETICS
260 _bDHANPAT RAI
300 _a570-B
942 _2ddc
_c09